000 01114cam a2200325 a 4500
001 539
005 20240712152143.0
020 _a0064408655
020 _a9781405266109
020 _a0060288906 (lib. bdg.)
040 _aDLC
_cDLC
_dDLC
_dFISKH
_beng
050 0 0 _aPZ7.S6795
_bVi 2001
082 0 0 _a813.6
_221
100 1 _aSnicket, Lemony.
245 1 4 _aThe vile village /
_cby Lemony Snicket ; illustrations by Brett Helquist.
260 _aNew York :
_bHarperCollins,
_c2001.
300 _a256 pages :
_billustrations ;
_c18 cm.
490 1 _aA series of unfortunate events ;
_vBook 7
505 _aX
520 _aUnder a new government program based on the saying "It takes a village to raise a child," the Baudelaire orphans are adopted by an entire town, with disastrous results.
521 _a1080
_bLexile
521 _aX
_bRaz-Plus
650 1 _aOrphans
_vFiction.
650 1 _aSiblings
_vFiction.
650 1 _aCity and town life
_vFiction.
650 1 _aHumorous stories.
700 1 _aHelquist, Brett,
_eill.
906 _a7
_bcbc
_corignew
_d1
_eocip
_f20
_gy-gencatlg
942 _2ddc
_cBK
_n0
999 _c539
_d539